[Event "Young Stars of the World"]
[Site "?"]
[Date "2005.05.17"]
[Round "4"]
[White "Khairullin Ildar"]
[Black "Andreikin Dmitry"]
[Result "1/2-1/2"]
[WhiteElo "2517"]
[BlackElo "2495"]
[PlyCount "43"]
[EventDate "2005.??.??"]
[Source "www.chesslib.no"]
[SourceDate "2004.05.04"]

1. e4 e5 2. Nf3 Nc6 3. Bb5 g6 4. d4 exd4 5. Bg5 Be7 6. Bxe7 Ngxe7 7. Nxd4 O-O 8. Nc3 d6 9. h4 d5 10. Bxc6 bxc6 11. Nb3 dxe4 12. Nxe4 Bf5 13. Ng3 Re8 14. Qxd8 Raxd8 15. Nxf5 Nxf5+ 16. Kf1 Nd4 17. Nxd4 Rxd4 18. Re1 Rb8 19. b3 Rd2 20. Re2 Rd1+ 21. Re1 Rd2 22. Re2 1/2-1/2